Tapu tahrir defterlerine göre Batı Macaristan'daki Türkçe kökenli y er adları üzerine
Elmentve itt :
| Szerző: | |
|---|---|
| Dokumentumtípus: | Könyv része |
| Megjelent: |
2007
|
| Sorozat: | Studia uralo-altaica
47 Turcology in Turkey : selected papers 47 |
| Kulcsszavak: | Turkológia |
| Tárgyszavak: | |
| Online Access: | http://acta.bibl.u-szeged.hu/16643 |
| LEADER | 00767naa a2200217 i 4500 | ||
|---|---|---|---|
| 001 | acta16643 | ||
| 005 | 20220118153216.0 | ||
| 008 | 161015s2007 hu o 0|| tur d | ||
| 022 | |a 0133-4239 | ||
| 040 | |a SZTE Egyetemi Kiadványok Repozitórium |b hun | ||
| 041 | |a tur | ||
| 100 | 1 | |a Çoban Erdal | |
| 245 | 1 | 0 | |a Tapu tahrir defterlerine göre Batı Macaristan'daki Türkçe kökenli y er adları üzerine |h [elektronikus dokumentum] / |c Çoban Erdal |
| 260 | |c 2007 | ||
| 300 | |a 123-142 | ||
| 490 | 0 | |a Studia uralo-altaica |v 47 | |
| 490 | 0 | |a Turcology in Turkey : selected papers |v 47 | |
| 650 | 4 | |a Bölcsészettudományok | |
| 650 | 4 | |a Nyelvek és irodalom | |
| 695 | |a Turkológia | ||
| 856 | 4 | 0 | |u http://acta.bibl.u-szeged.hu/16643/1/altaica_047_123-142.pdf |z Dokumentum-elérés |